<?xml version="1.0" encoding="UTF-8"?>
<marc:record xmlns:marc="http://www.loc.gov/MARC21/slim">
   <marc:leader>00000nam a2200000 a 4500</marc:leader>
   <marc:datafield ind1="1" ind2=" " tag="100">
      <marc:subfield code="a">Tyler, Anne</marc:subfield>
      <marc:subfield code="4">aut</marc:subfield>
      <marc:subfield code="e">Verfasser/-in</marc:subfield>
   </marc:datafield>
   <marc:datafield ind1="0" ind2="0" tag="245">
      <marc:subfield code="a">Im Krieg und in der Liebe</marc:subfield>
   </marc:datafield>
   <marc:datafield ind1="0" ind2="0" tag="245">
      <marc:subfield code="b">Roman</marc:subfield>
   </marc:datafield>
   <marc:datafield ind1="0" ind2="0" tag="245">
      <marc:subfield code="c">Anne Tyler. Aus dem Amerikan. von Christine Frick-Gerke und Gesine Strempel</marc:subfield>
   </marc:datafield>
   <marc:datafield ind1=" " ind2="1" tag="264">
      <marc:subfield code="a">Zürich</marc:subfield>
      <marc:subfield code="b">Kein &amp; Aber</marc:subfield>
      <marc:subfield code="c">2014</marc:subfield>
   </marc:datafield>
   <marc:datafield ind1="1" ind2=" " tag="520">
      <marc:subfield code="a">Angaben aus der Verlagsmeldung

Im Krieg und in der Liebe : Werkausgabe Tyler, Krieg / von Anne Tyler

Als Pauline und Michael sich kennenlernen, scheinen sie das perfekte Paar zu sein, müssen aber bald erfahren, dass aus großer Liebe nicht notwendigerweis eine gute Ehe wird. Vermehrt klaffen die Wünsche der lebhaften, spontanen Pauline und des ruhigen, überlegten Michael
auseinander, das Familienidyll wandelt sich zum Kleinkrieg und die drei Kinder suchen sich eigene Wege, bis die älteste Tochter sogar verschwindet. Am dreißigsten Hochzeitstag erkennt Michael schließlich, dass sie kaum schöne gemeinsame Erinnerungen haben und zieht zu Paulines Überraschung die Konsequenzen.
</marc:subfield>
   </marc:datafield>
   <marc:datafield ind1=" " ind2=" " tag="020">
      <marc:subfield code="a">9783036956893</marc:subfield>
      <marc:subfield code="9">9783036956893</marc:subfield>
   </marc:datafield>
   <marc:datafield ind1=" " ind2=" " tag="020">
      <marc:subfield code="a">3036956891</marc:subfield>
      <marc:subfield code="9">3036956891</marc:subfield>
   </marc:datafield>
   <marc:datafield ind1=" " ind2=" " tag="041">
      <marc:subfield code="a">ger</marc:subfield>
   </marc:datafield>
   <marc:datafield ind1=" " ind2=" " tag="300">
      <marc:subfield code="a">399 S.</marc:subfield>
   </marc:datafield>
</marc:record>
